La obsesión por lo sublime /

Guardat en:
Dades bibliogràfiques
Autor principal: Oubiña, David
Format: Desconegut
Idioma:Spanish
Matèries:
Etiquetes: Afegir etiqueta
Sense etiquetes, Sigues el primer a etiquetar aquest registre!

MARC

LEADER 000000000a22000000004500
001 009773
041 0 |a spa 
100 1 |a Oubiña, David 
245 1 3 |a La obsesión por lo sublime /   |c David Oubiña. 
310 |a mensual 
650 4 |a TEATRO ALEMAN 
773 0 |d Buenos Aires, Argentina : Complejo Teatral de Buenos Aires  |t Teatro: La Revista del Complejo Teatral de Buenos Aires  |g volumen 26, número 82 (2005), páginas 79-87 
942 |c ARC 
999 |c 17080  |d 17080